Movie Fanchise Couples - Statistics

General Stats
  • This quiz has been taken 33 times
  • The average score is 6 of 10
Answer Stats
Couple Franchise % Correct
Ron and Hermione Harry Potter
96%
Peeta and Katniss The Hunger Games
88%
Peter and MJ Spiderman
81%
Tony and Pepper Iron Man
77%
Jake and Neytiri Avatar
62%
Cyclops and Jean X-Men
62%
Will and Elizabeth Pirates of the Caribbean
58%
Bridget and Mark Bridget Jones
46%
Dominic and Letty Fast and Furious
42%
Lara and Peter To All the Boys
12%
No matching quizzes found
Score Distribution
Percent of People with Each Score
Percentile by Number Answered
Your Score History
You have not taken this quiz